[Event "Budapest-chT1 Lilienthal 1718"]
[Site "Budapest"]
[Date "2018.01.14"]
[Round "6"]
[White "Zilahi, Gabor"]
[Black "Kapas, Robert"]
[Result "1-0"]
[WhiteElo "1967"]
[BlackElo "1908"]
[PlyCount "45"]
[EventDate "2017.10.01"]
[EventType "team-tourn"]
[EventRounds "13"]
[EventCountry "HUN"]
[SourceTitle "EXT 2021"]
[Source "ChessBase"]
[SourceDate "2020.10.23"]
[SourceVersion "1"]
[SourceVersionDate "2020.10.23"]
[SourceQuality "1"]
[WhiteTeam "Budapest Vasas II"]
[BlackTeam "Budapest EAC II"]
[WhiteTeamCountry "HUN"]
[BlackTeamCountry "HUN"]

1. d4 Nf6 2. e3 g6 3. Bd3 Bg7 4. f4 d5 5. Nd2 0-0 6. Qe2 b6 7. Ngf3 c5 8. c3 Nc6 9. 0-0 Qc7 10. Ne5 e6 11. b3 a6 12. Ba3 Rd8 13. Rac1 Nd7 14. Nxc6 Qxc6 15. c4 cxd4 16. cxd5 Qb7 17. dxe6 fxe6 18. Be4 Qa7 19. Bxa8 Qxa8 20. Nc4 Bb7 21. Nd6 Bd5 22. e4 Bc6 23. Qc4 1-0

[Event "Budapest-chT1 Lilienthal 1516"]
[Site "Budapest"]
[Date "2015.12.13"]
[Round "5"]
[White "Gardo, Jozsef"]
[Black "Kapas, Robert"]
[Result "0-1"]
[WhiteElo "1875"]
[BlackElo "1907"]
[PlyCount "64"]
[EventDate "2015.09.20"]
[EventType "team-tourn"]
[EventRounds "9"]
[EventCountry "HUN"]
[SourceTitle "EXT 2021"]
[Source "ChessBase"]
[SourceDate "2020.10.23"]
[SourceVersion "1"]
[SourceVersionDate "2020.10.23"]
[SourceQuality "1"]
[WhiteTeam "Fabulon"]
[BlackTeam "Budapest EAC II"]
[WhiteTeamCountry "HUN"]
[BlackTeamCountry "HUN"]

1. e4 d5 2. exd5 Nf6 3. c4 c6 4. d4 cxd5 5. Nc3 e6 6. Nf3 Be7 7. cxd5 Nxd5 8. Bd3 Nc6 9. 0-0 Bf6 10. Re1 Ndb4 11. Be4 Nxd4 12. Qa4+ Ndc6 13. a3 Bxc3 14. bxc3 Nd5 15. c4 Nde7 16. Bf4 0-0 17. Red1 Qa5 18. Qxa5 Nxa5 19. Bd6 Re8 20. Bxe7 f5 21. Ne5 fxe4 22. Rd6 h6 23. Bd8 b6 24. c5 Nb7 25. Rad1 Nxd6 26. Rxd6 bxc5 27. Ba5 Rb8 28. h3 Rb5 29. Bd2 Rb6 30. Nc6 Bb7 31. Rd8 Rxd8 32. Nxd8 Bd5 0-1

[Event "Budapest-chT1 Lilienthal 1516"]
[Site "Budapest"]
[Date "2015.09.27"]
[Round "2"]
[White "Kapas, Robert"]
[Black "Zilahi, Gabor"]
[Result "0-1"]
[WhiteElo "1907"]
[BlackElo "1917"]
[PlyCount "68"]
[EventDate "2015.09.20"]
[EventType "team-tourn"]
[EventRounds "9"]
[EventCountry "HUN"]
[SourceTitle "EXT 2021"]
[Source "ChessBase"]
[SourceDate "2020.10.23"]
[SourceVersion "1"]
[SourceVersionDate "2020.10.23"]
[SourceQuality "1"]
[WhiteTeam "Budapest EAC II"]
[BlackTeam "Budapest Vasas II"]
[WhiteTeamCountry "HUN"]
[BlackTeamCountry "HUN"]

1. d4 d5 2. c4 c6 3. Nf3 Nf6 4. cxd5 cxd5 5. Nc3 Nc6 6. Qb3 e6 7. g3 Bd6 8. Bg2 0-0 9. 0-0 a6 10. Rd1 b5 11. Bg5 h6 12. Bxf6 Qxf6 13. e4 dxe4 14. Nxe4 Qe7 15. Nxd6 Qxd6 16. Ne5 Bb7 17. Rac1 Rac8 18. Qe3 Rfd8 19. Qf3 Nxe5 20. Qxb7 Rxc1 21. Rxc1 Qxd4 22. Re1 Nd3 23. Rf1 Rd6 24. b3 Nc5 25. Qc7 e5 26. b4 Ne6 27. Qc8+ Kh7 28. a3 e4 29. Qe8 Ng5 30. h4 Nf3+ 31. Kh1 Nd2 32. Rd1 Qxf2 33. Bxe4+ f5 34. Qe5 Nxe4 0-1

[Event "Budapest-chT1 Lilienthal 1314"]
[Site "Budapest"]
[Date "2014.02.09"]
[Round "7"]
[White "Keszi, Janos"]
[Black "Kapas, Robert"]
[Result "0-1"]
[WhiteElo "2084"]
[BlackElo "1976"]
[PlyCount "60"]
[EventDate "2013.09.29"]
[EventType "team-tourn"]
[EventRounds "11"]
[EventCountry "HUN"]
[SourceTitle "EXT 2021"]
[Source "ChessBase"]
[SourceDate "2020.10.23"]
[SourceVersion "1"]
[SourceVersionDate "2020.10.23"]
[SourceQuality "1"]
[WhiteTeam "Rakosliget"]
[BlackTeam "Budapest EAC III"]
[WhiteTeamCountry "HUN"]
[BlackTeamCountry "HUN"]

1. d4 Nf6 2. Nf3 g6 3. Bg5 Bg7 4. Nbd2 c5 5. e3 d6 6. Bb5+ Bd7 7. Qe2 a6 8. Bd3 Nc6 9. 0-0 Nb4 10. Rfd1 b5 11. dxc5 dxc5 12. c4 Nxd3 13. Qxd3 Bf5 14. Qa3 b4 15. Qa4+ Bd7 16. Qc2 Qb6 17. a3 0-0 18. Ne5 Bf5 19. Qa4 Ne4 20. Nxe4 Bxe5 21. Ng3 Bxb2 22. Nxf5 gxf5 23. Rab1 bxa3 24. Qxa3 Bxa3 25. Rxb6 f6 26. Bf4 Rfd8 27. Rdb1 Bb4 28. Bc7 Rd7 29. Rb8+ Rxb8 30. Bxb8 Rd3 0-1

[Event "Budapest Karacsonyi op 5th"]
[Site "Budapest"]
[Date "2013.12.27"]
[Round "1"]
[White "Kapas, Robert"]
[Black "Birovecz, Ben Jordan"]
[Result "1/2-1/2"]
[WhiteElo "1953"]
[BlackElo "1365"]
[PlyCount "64"]
[EventDate "2013.12.27"]
[EventType "swiss"]
[EventRounds "7"]
[EventCountry "HUN"]
[SourceTitle "CBM 158 Extra"]
[Source "ChessBase"]
[SourceDate "2014.02.28"]
[SourceVersion "1"]
[SourceVersionDate "2014.02.28"]
[SourceQuality "1"]

1. d4 d5 2. Nf3 e6 3. c4 c5 4. dxc5 Bxc5 5. a3 Nf6 6. b4 Bb6 7. c5 Bc7 8. Bb2 0-0 9. e3 a5 10. Nc3 b6 11. Nb5 Nfd7 12. Nxc7 Qxc7 13. Rc1 axb4 14. axb4 bxc5 15. bxc5 Qa5+ 16. Bc3 Qc7 17. Qd4 f6 18. Qd2 Nc6 19. Bb5 Na5 20. Nd4 Nxc5 21. Bb4 Nab7 22. 0-0 Qb6 23. Rxc5 Nxc5 24. Qc2 Ne4 25. Bxf8 Kxf8 26. Bd3 Ba6 27. Ra1 Rc8 28. Qe2 Bxd3 29. Qxd3 Qb2 30. Rf1 Re8 31. f3 Nd2 32. Rd1 Nc4 1/2-1/2

[Event "Budapest-chT1 Lilienthal 1112"]
[Site "Budapest"]
[Date "2012.03.18"]
[Round "10"]
[White "Bogad, Peter"]
[Black "Kapas, Robert"]
[Result "1/2-1/2"]
[WhiteElo "2118"]
[BlackElo "1946"]
[PlyCount "21"]
[EventDate "2011.10.02"]
[EventType "team-tourn"]
[EventRounds "11"]
[EventCountry "HUN"]
[SourceTitle "EXT 2020"]
[Source "ChessBase"]
[SourceDate "2019.10.17"]
[SourceVersion "1"]
[SourceVersionDate "2019.10.17"]
[SourceQuality "1"]
[WhiteTeam "Barcza GSC"]
[BlackTeam "Budapest EAC III"]
[WhiteTeamCountry "HUN"]
[BlackTeamCountry "HUN"]

1. g4 e5 2. Bg2 h5 3. d4 exd4 4. gxh5 Nf6 5. Bg5 Rxh5 6. h4 c5 7. e3 Qa5+ 8. c3 dxe3 9. Bxf6 exf2+ 10. Kd2 Qa6 11. Qxh5 1/2-1/2

[Event "Budapest-chT1 Lilienthal 1112"]
[Site "Budapest"]
[Date "2012.03.04"]
[Round "9"]
[White "Kapas, Robert"]
[Black "Rabovszky, Gyorgy"]
[Result "0-1"]
[WhiteElo "1946"]
[BlackElo "1902"]
[PlyCount "144"]
[EventDate "2011.10.02"]
[EventType "team-tourn"]
[EventRounds "11"]
[EventCountry "HUN"]
[SourceTitle "EXT 2020"]
[Source "ChessBase"]
[SourceDate "2019.10.17"]
[SourceVersion "1"]
[SourceVersionDate "2019.10.17"]
[SourceQuality "1"]
[WhiteTeam "Budapest EAC III"]
[BlackTeam "Budapest Honved III"]
[WhiteTeamCountry "HUN"]
[BlackTeamCountry "HUN"]

1. d4 Nf6 2. c4 c5 3. d5 b5 4. cxb5 a6 5. b6 Bb7 6. Nc3 Qxb6 7. e4 d6 8. f4 e6 9. Nf3 exd5 10. exd5 Be7 11. Bc4 Nbd7 12. 0-0 0-0 13. Re1 Rfe8 14. Bd2 Qc7 15. Qc2 Nb6 16. Qd3 Nxc4 17. Qxc4 a5 18. Nd4 Qd7 19. Ndb5 Ba6 20. a4 Qf5 21. Re2 Bf8 22. Rxe8 Nxe8 23. Re1 Qc2 24. Bc1 Nc7 25. Na3 Bxc4 26. Nxc2 Nxd5 27. Ne3 Nxe3 28. Rxe3 d5 29. Re5 Bd6 30. Rg5 f6 31. Rg3 Re8 32. Bd2 Rb8 33. Nxd5 Rxb2 34. Nxf6+ Kf7 35. Ne4 Rb1+ 36. Kf2 Be7 37. Ra3 Bb3 38. Bc3 c4 39. Ra1 Rxa1 40. Bxa1 Bxa4 41. Bc3 Bc2 42. Nd2 Bc5+ 43. Kf3 Bb4 44. Bxb4 axb4 45. Nxc4 b3 46. Ke3 Ke6 47. Kd2 Kf5 48. Ke3 h5 49. Nb2 Be4 50. g3 Bd5 51. Nd1 Bb7 52. Kd2 Ke4 53. Kc3 Bd5 54. Nb2 h4 55. gxh4 Kxf4 56. Nd3+ Kg4 57. h5 Bg8 58. h6 gxh6 59. Nc5 Kh3 60. Ne4 Kxh2 61. Nf6 Be6 62. Ne8 Kh3 63. Ng7 Bg8 64. Nh5 Kh4 65. Nf6 Bf7 66. Kb2 Kg5 67. Ne4+ Kg6 68. Ng3 h5 69. Ne2 Kg5 70. Nd4 h4 71. Nf3+ Kh5 72. Nh2 Bd5 0-1

[Event "Budapest-chT1 Lilienthal 1112"]
[Site "Budapest"]
[Date "2012.01.15"]
[Round "6"]
[White "Kertesz, Zsolt"]
[Black "Kapas, Robert"]
[Result "1/2-1/2"]
[WhiteElo "2073"]
[BlackElo "1946"]
[PlyCount "69"]
[EventDate "2011.10.02"]
[EventType "team-tourn"]
[EventRounds "11"]
[EventCountry "HUN"]
[SourceTitle "EXT 2020"]
[Source "ChessBase"]
[SourceDate "2019.10.17"]
[SourceVersion "1"]
[SourceVersionDate "2019.10.17"]
[SourceQuality "1"]
[WhiteTeam "Fabulon"]
[BlackTeam "Budapest EAC III"]
[WhiteTeamCountry "HUN"]
[BlackTeamCountry "HUN"]

1. e4 c6 2. d4 d5 3. e5 Bf5 4. Nf3 e6 5. Be2 c5 6. Be3 Qb6 7. Nc3 Nc6 8. Na4 Qa5+ 9. c3 cxd4 10. Nxd4 Nxd4 11. Bxd4 Ne7 12. Qb3 Qc7 13. Nc5 Rb8 14. Bb5+ Nc6 15. Qa4 Bxc5 16. Bxc5 Qxe5+ 17. Kf1 f6 18. Bxc6+ bxc6 19. Qxc6+ Kf7 20. Bd6 Bd3+ 21. Kg1 Qe2 22. Bxb8 Qxb2 23. Re1 Rxb8 24. Qxe6+ Kg6 25. Qg4+ Kf7 26. Qd7+ Kg6 27. Qg4+ Kf7 28. Qh5+ Kf8 29. Qxd5 Qe2 30. Qc5+ Kf7 31. Qc7+ Kg6 32. Qg3+ Kf7 33. Qc7+ Kg6 34. Qg3+ Kf7 35. Qc7+ 1/2-1/2

[Event "Budapest Karacsonyi op 2nd"]
[Site "Budapest"]
[Date "2010.12.30"]
[Round "7"]
[White "Bodrogi, Laszlo"]
[Black "Kapas, Robert"]
[Result "0-1"]
[WhiteElo "1962"]
[BlackElo "1922"]
[PlyCount "86"]
[EventDate "2010.12.27"]
[EventType "swiss"]
[EventRounds "7"]
[EventCountry "HUN"]
[SourceTitle "EXT 2022"]
[Source "ChessBase"]
[SourceDate "2021.10.06"]
[SourceVersion "1"]
[SourceVersionDate "2021.10.06"]
[SourceQuality "1"]

1. d4 Nf6 2. c4 e6 3. Nc3 d5 4. Bg5 Be7 5. e3 c6 6. Nf3 0-0 7. Rc1 Nbd7 8. Bd3 h6 9. Bh4 Re8 10. cxd5 exd5 11. 0-0 Ne4 12. Bxe7 Qxe7 13. Qc2 Ndf6 14. Ne5 Bf5 15. Rb1 Rab8 16. b4 Nxc3 17. Qxc3 Bxd3 18. Qxd3 Ne4 19. Rfc1 Nd6 20. Rc5 f6 21. Nf3 Qe6 22. a4 a6 23. Nd2 Kh8 24. Rb3 Re7 25. Nb1 Ne4 26. Rc1 Qf5 27. Qc2 Qd7 28. b5 axb5 29. axb5 cxb5 30. Qb2 Rc8 31. f3 Rxc1+ 32. Qxc1 Nd6 33. Qc5 Nc4 34. Kf2 Qe6 35. e4 dxe4 36. d5 e3+ 37. Ke2 Qe5 38. g3 Nd2 39. Rxb5 Nxb1 40. Rxb1 Rc7 41. Qf8+ Kh7 42. Rd1 Rc2+ 43. Kf1 e2+ 0-1

[Event "Budapest Karacsonyi op 2nd"]
[Site "Budapest"]
[Date "2010.12.28"]
[Round "2"]
[White "Kapas, Robert"]
[Black "Mate, Balazs"]
[Result "1-0"]
[WhiteElo "1922"]
[BlackElo "2159"]
[PlyCount "127"]
[EventDate "2010.12.27"]
[EventType "swiss"]
[EventRounds "7"]
[EventCountry "HUN"]
[SourceTitle "EXT 2022"]
[Source "ChessBase"]
[SourceDate "2021.10.06"]
[SourceVersion "1"]
[SourceVersionDate "2021.10.06"]
[SourceQuality "1"]

1. d4 c5 2. Nf3 e6 3. g3 d5 4. Bg2 Nf6 5. 0-0 Nc6 6. Nc3 Be7 7. Re1 0-0 8. dxc5 Bxc5 9. e3 h6 10. Nd4 Bb4 11. Bd2 Bd7 12. a3 Be7 13. Nb3 Ne5 14. e4 dxe4 15. Nxe4 Bc6 16. Bc3 Nc4 17. Nd4 Bd5 18. b3 Nb6 19. Bb2 Nbd7 20. c4 Bxe4 21. Bxe4 Nxe4 22. Rxe4 Nf6 23. Re2 Rc8 24. Nb5 a6 25. Rd2 Qb6 26. Bd4 Bc5 27. Bxc5 Qxc5 28. b4 Qe5 29. Nd6 Rc7 30. Rc1 h5 31. h4 Ng4 32. Re2 Qf6 33. Ne4 Qf3 34. Ng5 Qxa3 35. Qc2 Nf6 36. Rb1 Rd8 37. Re3 Qxe3 38. fxe3 g6 39. Rf1 Ng4 40. Nxf7 Rxf7 41. Qxg6+ Rg7 42. Qxe6+ Kh8 43. c5 Rdg8 44. Rf7 Rg6 45. Qf5 Nh6 46. Qe5+ R8g7 47. Rxg7 Rxg7 48. Qxh5 Kh7 49. Qe5 Ng4 50. Qe4+ Kh6 51. Kg2 Nf6 52. Qe6 Rg6 53. Qc8 Rg7 54. e4 Nh5 55. g4 Nf4+ 56. Kf3 Ng6 57. g5+ Kh7 58. Qf5 Kg8 59. Kg4 Ne7 60. Qe6+ Kh7 61. h5 Ng8 62. g6+ Kh8 63. Qe5 Ne7 64. h6 1-0

[Event "Budapest Karacsonyi op 2nd"]
[Site "Budapest"]
[Date "2010.12.28"]
[Round "3"]
[White "Kiss, Pal Vac"]
[Black "Kapas, Robert"]
[Result "1/2-1/2"]
[WhiteElo "2057"]
[BlackElo "1922"]
[PlyCount "26"]
[EventDate "2010.12.27"]
[EventType "swiss"]
[EventRounds "7"]
[EventCountry "HUN"]
[SourceTitle "EXT 2022"]
[Source "ChessBase"]
[SourceDate "2021.10.06"]
[SourceVersion "1"]
[SourceVersionDate "2021.10.06"]
[SourceQuality "1"]

1. e4 c6 2. d4 d5 3. Nc3 dxe4 4. Nxe4 Nd7 5. Ng5 Ngf6 6. Bd3 h6 7. Ne6 Qb6 8. Nxf8 Nxf8 9. c3 Ne6 10. Nf3 0-0 11. 0-0 Qc7 12. Bf5 Nf4 13. Bxc8 Raxc8 1/2-1/2

[Event "Budapest-chT1 Lilienthal 1011"]
[Site "Budapest"]
[Date "2010.11.28"]
[Round "5"]
[White "Kapas, Robert"]
[Black "Kiss, Jozsef1111"]
[Result "1-0"]
[WhiteElo "1922"]
[BlackElo "2016"]
[PlyCount "81"]
[EventDate "2010.09.19"]
[EventType "team-tourn"]
[EventRounds "11"]
[EventCountry "HUN"]
[SourceTitle "EXT 2020"]
[Source "ChessBase"]
[SourceDate "2019.10.17"]
[SourceVersion "1"]
[SourceVersionDate "2019.10.17"]
[SourceQuality "1"]
[WhiteTeam "Budapest EAC III"]
[BlackTeam "Penzugyor III"]
[WhiteTeamCountry "HUN"]
[BlackTeamCountry "HUN"]

1. d4 Nf6 2. Nf3 g6 3. g3 Bg7 4. Bg2 0-0 5. c4 d6 6. 0-0 Nbd7 7. Nc3 e5 8. d5 a5 9. e4 Nc5 10. Nd2 Nh5 11. Nb3 Nxb3 12. axb3 c6 13. dxc6 bxc6 14. b4 Be6 15. bxa5 Bxc4 16. Re1 Qc7 17. Be3 Rxa5 18. Rxa5 Qxa5 19. Qxd6 Rc8 20. Qd7 Be6 21. Qb7 Bf8 22. Rc1 Nf6 23. h3 Ne8 24. Qa7 Qb4 25. Na4 Nd6 26. Nc5 Nb5 27. Qb7 Rc7 28. Qb8 Bc8 29. Nd3 Qd6 30. Bf1 Nd4 31. Nxe5 Qxe5 32. Bxd4 Qxd4 33. Qxc7 Bd7 34. Qb7 Be8 35. Qb3 Bc5 36. Qc2 Bd6 37. Rd1 Qb6 38. Rxd6 Qc7 39. Qd2 h5 40. Rd8 Kf8 41. Qd6+ 1-0